История экономики Карелии. Кн. 3: Экономика Карелии в переходный период (1991-2006 гг.) (Запись № 1006857)

Подробности
000 -МАРКЕР
контрольное поле 01955nam2a2200349 4500
001 - ИДЕНТИФИКАТОР ЗАПИСИ
контрольное поле RU\NLR\bibl\1085205
005 - ИДЕНТИФИКАТОР ВЕРСИИ
контрольное поле 20250615051149.0
010 ## - МЕЖДУНАРОДНЫЙ СТАНДАРТНЫЙ НОМЕР КНИГИ (ISBN)
Номер (ISBN) 5-8430-0108-3
Тираж 1000
021 ## - НОМЕР ГОСУДАРСТВЕННОЙ РЕГИСТРАЦИИ
Код страны Российская Федерация
Номер 2007-21626
Номер Листа государственной регистраци 1139
035 ## - ДРУГИЕ СИСТЕМНЫЕ НОМЕРА
Идентификатор записи (NLR Aleph) 001072368
100 ## - ДАННЫЕ ОБЩЕЙ ОБРАБОТКИ
Данные общей обработки 20070514d2006 |||y0rusy50 ca
101 0# - ЯЗЫК РЕСУРСА
Язык текста, звукозаписи и т.д. русский
102 ## - СТРАНА ПУБЛИКАЦИИ ИЛИ ПРОИЗВОДСТВА
Страна публикации Российская Федерация
105 ## - ПОЛЕ КОДИРОВАННЫХ ДАННЫХ: ТЕКСТОВЫЕ МАТЕРИАЛЫ, МОНОГРАФИЧЕСКИЕ
Кодированные данные о монографическом текстовом документе a |||||||||
200 1# - ЗАГЛАВИЕ И СВЕДЕНИЯ ОБ ОТВЕТСТВЕННОСТИ
Основное заглавие Экономика Карелии в переходный период (1991-2006 гг.)
Первые сведения об ответственности В.Г. Баданов, П.В. Дружинин, А.С. Колесов [и др.
Последующие сведения об ответственности редкол.: А.С. Ревайкин, д.э.н. (отв. ред.) и др.
-- авт. и рук. проекта А.С. Колесов]
210 ## - ПУБЛИКАЦИЯ, РАСПРОСТРАНЕНИЕ И ДР.
Дата издания, распространения и т.д. 2006
Место издания, распространения и т.д. Б. м.
215 ## - ФИЗИЧЕСКАЯ ХАРАКТЕРИСТИКА
Специфическое обозначение материала и объем 199,[1] с.
Другие сведения о физической характеристике ил., цв. ил., портр.
300 ## - ОБЩИЕ ПРИМЕЧАНИЯ
Текст примечания На 196-й с. авт.: Колесов А.С., к.э.н., засл. экономист Рос. Федерации и Респ. Карелия, Баданов В.Г., к.ист.н., преп., Дружинин П.В., к.т.н. [и др.]
320 ## - ПРИМЕЧАНИЯ О НАЛИЧИИ В ДОКУМЕНТЕ БИБЛИОГРАФИИ / УКАЗАТЕЛЯ
Текст примечания Библиогр.: с. 186-189 (121 назв.)
320 ## - ПРИМЕЧАНИЯ О НАЛИЧИИ В ДОКУМЕНТЕ БИБЛИОГРАФИИ / УКАЗАТЕЛЯ
Текст примечания Геогр. указ.: с. 192-193
320 ## - ПРИМЕЧАНИЯ О НАЛИЧИИ В ДОКУМЕНТЕ БИБЛИОГРАФИИ / УКАЗАТЕЛЯ
Текст примечания Указ. имен: с. 194-195
461 #0 - УРОВЕНЬ НАБОРА
Встроенное поле 001RU\NLR\bibl\887305
-- 2001#$aИстория экономики Карелии$vКн. 3
Системный номер (АБИС) связанной записи 1628112
Автор Баданов, В. Г. (1962-)
Место публикации Петрозаводск
Дата публикации 2005
Первые сведения об ответственности В.Г. Баданов, Н.А. Кораблев, А.Ю. Жуков
Имя издателя, распространителя и т.д. ПетроПресс
Сведения, относящиеся к заглавию в 3 кн.
Заглавие История экономики Карелии
Номер тома Кн. 3
701 #1 - ИМЯ ЛИЦА - АЛЬТЕРНАТИВНАЯ ОТВЕТСТВЕННОСТЬ
Начальный элемент ввода Баданов
Часть имени, кроме начального элемента ввода В. Г.
Даты 1962-
Расширение инициалов личного имени Вадим Георгиевич
Код отношения Автор
701 #1 - ИМЯ ЛИЦА - АЛЬТЕРНАТИВНАЯ ОТВЕТСТВЕННОСТЬ
Начальный элемент ввода Дружинин
Часть имени, кроме начального элемента ввода П. В.
Даты 1956-
Расширение инициалов личного имени Павел Васильевич
Код отношения Автор
701 #1 - ИМЯ ЛИЦА - АЛЬТЕРНАТИВНАЯ ОТВЕТСТВЕННОСТЬ
Начальный элемент ввода Колесов
Часть имени, кроме начального элемента ввода А. С.
Даты 1949-
Расширение инициалов личного имени Александр Семенович
Код отношения Автор
801 #0 - ИСТОЧНИК ЗАПИСИ
Страна Российская Федерация
Организация NLR
Дата составления 20070514
Правила каталогизации RCR
801 #1 - ИСТОЧНИК ЗАПИСИ
Страна Российская Федерация
Организация NLR
Дата составления 20070514
830 ## - ОБЩЕЕ ПРИМЕЧАНИЕ, СОСТАВЛЕННОЕ КАТАЛОГИЗАТОРОМ
Текст примечания Авт. по кн
942 ## - ДОПОЛНИТЕЛЬНЫЕ ЭЛЕМЕНТЫ ЗАПИСИ (АБИС)
Тип экземпляра АБИС Книга
980 ## - КОЛЛЕКЦИЯ
Название коллекции Национальная библиография
Экземпляры
Тип экземпляра Дата поступления Источник поступления Библиотека постоянного хранения Библиотека текущего хранения Место хранения Шифр хранения Штрих-код Статус экземпляра
Книга 14.05.2007 Обязательный экземпляр РНБ (Московский) РНБ (Московский) Русский книжный фонд: издания с 1957 года 2005-8/3729 1-3459144  
Книга 14.05.2007 Обязательный экземпляр РНБ (Московский) РНБ (Московский) Русский книжный фонд: издания с 1957 года 2005-8/3729 2432607